<?xml version="1.0" encoding="UTF-8"?>
<record
    xmlns:xsi="http://www.w3.org/2001/XMLSchema-instance"
    xsi:schemaLocation="http://www.loc.gov/MARC21/slim http://www.loc.gov/standards/marcxml/schema/MARC21slim.xsd"
    xmlns="http://www.loc.gov/MARC21/slim">

  <leader>01064aam a2200325 a 4500</leader>
  <controlfield tag="001">001315062</controlfield>
  <controlfield tag="003">AR-BaBN</controlfield>
  <controlfield tag="005">20260311191956.0</controlfield>
  <controlfield tag="008">140814s2013    ag     gr     001 j spa  </controlfield>
  <datafield tag="015" ind1=" " ind2=" ">
    <subfield code="a">AR-2013</subfield>
  </datafield>
  <datafield tag="020" ind1=" " ind2=" ">
    <subfield code="a">9789870427230</subfield>
  </datafield>
  <datafield tag="040" ind1=" " ind2=" ">
    <subfield code="a">AR-BaBN</subfield>
    <subfield code="b">spa</subfield>
    <subfield code="c">AR-BaBN</subfield>
    <subfield code="e">aacr</subfield>
  </datafield>
  <datafield tag="044" ind1=" " ind2=" ">
    <subfield code="a">ag</subfield>
    <subfield code="c">ar-c</subfield>
  </datafield>
  <datafield tag="082" ind1=" " ind2=" ">
    <subfield code="2">21</subfield>
    <subfield code="a">A863 COR</subfield>
  </datafield>
  <datafield tag="100" ind1="1" ind2=" ">
    <subfield code="a">Cort&#xE1;zar, Julio.</subfield>
    <subfield code="d">1914-1984</subfield>
    <subfield code="e">autor</subfield>
    <subfield code="4">aut</subfield>
  </datafield>
  <datafield tag="245" ind1="1" ind2="3">
    <subfield code="a">Un tal Lucas /</subfield>
    <subfield code="c">Julio Cort&#xE1;zar.</subfield>
  </datafield>
  <datafield tag="250" ind1=" " ind2=" ">
    <subfield code="a">2a ed.</subfield>
  </datafield>
  <datafield tag="260" ind1=" " ind2=" ">
    <subfield code="a">Buenos Aires :</subfield>
    <subfield code="b">Alfaguara,</subfield>
    <subfield code="c">2013.</subfield>
  </datafield>
  <datafield tag="300" ind1=" " ind2=" ">
    <subfield code="a">188 p. ;</subfield>
    <subfield code="c">21 cm.</subfield>
  </datafield>
  <datafield tag="490" ind1="1" ind2=" ">
    <subfield code="a">Biblioteca Julio Cort&#xE1;zar</subfield>
  </datafield>
  <datafield tag="655" ind1=" " ind2="4">
    <subfield code="a">Cuento</subfield>
  </datafield>
  <datafield tag="929" ind1=" " ind2="1">
    <subfield code="a">DONACION</subfield>
    <subfield code="b">MINISTERIO DE EDUCACI&#xD3;N DE LA NACI&#xD3;N</subfield>
    <subfield code="c">0</subfield>
    <subfield code="d">0</subfield>
    <subfield code="e">2017</subfield>
    <subfield code="f">PAT 0084962</subfield>
    <subfield code="h">1</subfield>
    <subfield code="j">62931</subfield>
  </datafield>
  <datafield tag="930" ind1=" " ind2="1">
    <subfield code="l">BNA01</subfield>
    <subfield code="m">LIBRO</subfield>
    <subfield code="6">00960171</subfield>
    <subfield code="8">20140814</subfield>
    <subfield code="f">11</subfield>
    <subfield code="g">25868</subfield>
    <subfield code="s">03</subfield>
    <subfield code="n">001</subfield>
    <subfield code="o">001315062</subfield>
  </datafield>
  <datafield tag="942" ind1=" " ind2=" ">
    <subfield code="2">ddc</subfield>
    <subfield code="n">0</subfield>
    <subfield code="c">LIB</subfield>
  </datafield>
  <datafield tag="956" ind1=" " ind2=" ">
    <subfield code="a">EPASTRANA</subfield>
    <subfield code="b">00</subfield>
    <subfield code="c">20140814</subfield>
    <subfield code="l">BNA01</subfield>
    <subfield code="h">1325</subfield>
  </datafield>
  <datafield tag="956" ind1=" " ind2=" ">
    <subfield code="a">EPASTRANA</subfield>
    <subfield code="b">00</subfield>
    <subfield code="c">20140814</subfield>
    <subfield code="l">BNA01</subfield>
    <subfield code="h">1325</subfield>
  </datafield>
  <datafield tag="956" ind1=" " ind2=" ">
    <subfield code="a">KRODRIGUEZ</subfield>
    <subfield code="b">20</subfield>
    <subfield code="c">20150720</subfield>
    <subfield code="l">BNA01</subfield>
    <subfield code="h">1327</subfield>
  </datafield>
  <datafield tag="956" ind1=" " ind2=" ">
    <subfield code="a">FORTIZ</subfield>
    <subfield code="b">20</subfield>
    <subfield code="c">20170712</subfield>
    <subfield code="l">BNA01</subfield>
    <subfield code="h">1139</subfield>
  </datafield>
  <datafield tag="999" ind1=" " ind2=" ">
    <subfield code="c">1468</subfield>
    <subfield code="d">1468</subfield>
  </datafield>
  <datafield tag="952" ind1=" " ind2=" ">
    <subfield code="0">0</subfield>
    <subfield code="1">0</subfield>
    <subfield code="a">BIBESET</subfield>
    <subfield code="b">BIBESET</subfield>
    <subfield code="c">sala</subfield>
    <subfield code="d">2026-03-11</subfield>
    <subfield code="l">0</subfield>
    <subfield code="o">A863 COR</subfield>
    <subfield code="p">62931</subfield>
    <subfield code="r">2026-03-11</subfield>
    <subfield code="t">1</subfield>
    <subfield code="w">2026-03-11</subfield>
    <subfield code="y">LIB</subfield>
    <subfield code="k">GA</subfield>
  </datafield>
</record>
